| 000 | 00373nam a2200121Ia 4500 | ||
|---|---|---|---|
| 008 | 220620s9999||||xx |||||||||||||| ||und|| | ||
| 245 | 0 | _aDifferent Areas of Physiotherapy | |
| 546 | _aEnglish[eng] | ||
| 650 | _aTherapy & therapeutics | ||
| 700 | _aKerem Gunel, Mintaze | ||
| 856 | _uhttps://mts.intechopen.com/storage/books/7540/authors_book/authors_book.pdf | ||
| 942 | _cEB | ||
| 999 |
_c34939 _d34939 |
||